Normal view
MARC view
Entry Topical Term
001 - CONTROL NUMBER
- control field: 16173
003 - CONTROL NUMBER IDENTIFIER
- control field: OSt
005 - DATE AND TIME OF LATEST TRANSACTION
- control field: 20220809135819.0
008 - FIXED-LENGTH DATA ELEMENTS
- fixed length control field: 220809|| aca||aabn | a|a d
040 ## - CATALOGING SOURCE
- Original cataloging agency: OSt
- Transcribing agency: OSt
150 ## - HEADING--TOPICAL TERM
- Topical term or geographic name entry element: Production planning -- Data processing.
670 ## - SOURCE DATA FOUND
- Source citation: Work cat.: (OSt): Lihui, Wang; S.C. Lenny, Koh. 16171, Enterprise networks and logistics for agile manufacturing., Β©2010
